Riconosci la Squadra di calcio - Quiz n°19 - Statistics

Statistiche generali
  • Questo quiz è stato fatto 73 volte
  • Il punteggio medio è 8 su 10
Statistiche sulle risposte
Indizio Risposta % Corretto
Colori sociali Rosso, blu e bianco
95%
Simboli Mastino
93%
Titoli nazionali 4 Titoli di Francia4 Ligue 2
87%
Trofei nazionali 6 Coppe di Francia 1 Supercoppe di Francia
83%
Divisione nazionale 2023-2024 Prima
80%
Trofei internazionali 1 Coppa Intertoto UEFA
72%
Confederazione UEFA
72%
Capienza Stadio 50 186 posti
68%
Fondazione 1944
67%
Squadra Lille
63%
Nessun quiz corrispondente trovato
Distribuzione punteggi
Percentuale di utenti per punteggio
Percentile per numero di risposta
I tuoi punteggi nel tempo
Non hai fatto questo quiz